000 00536nam a22001817a 4500
003 CEME
005 20210628210657.0
008 210211b xxu||||| |||| 00| 0 eng d
020 _a1-55860-416-2
040 _c.
082 _a621.38857 CIC
100 _aLarge, David Farmer, James Ciciora, Walter
_980482
245 _aModern cable television technology video, voice and data communications
260 _aSAN FRANCISCO
_bMORGAN KAUFMANN PUBLISHER
_c1999
300 _a888P
650 _aCABLE TELEVISION
_964734
942 _cBK
_2ddc
999 _c585407
_d585407